| Tag |
First Indicator |
Second Indicator |
Subfields |
| LEADER |
00000cam a2200000 a 4500 |
| 001 |
in00000076553 |
| 005 |
20151008053715.0 |
| 008 |
780515s1978 pau 00010 eng d |
| 010 |
|
|
|a 77081274
|
| 020 |
|
|
|a 0915604140
|
| 035 |
|
|
|a (OCoLC)03894426
|
| 035 |
|
|
|9 AAH8368AM
|
| 040 |
|
|
|a KSU
|c KSU
|d m.c.
|d OCL
|d TXA
|d UtOrBLW
|
| 049 |
|
|
|a TXAM
|c [1632879]
|
| 090 |
|
|
|a PS3552.E79
|b N4
|
| 100 |
1 |
|
|a Bertolino, James,
|d 1942-
|
| 245 |
1 |
0 |
|a New & selected poems /
|c James Bertolino.
|
| 250 |
|
|
|a 1st ed.
|
| 264 |
|
1 |
|a Pittsburgh :
|b Carnegie-Mellon University Press,
|c 1978.
|
| 300 |
|
|
|a 67 pages ;
|c 21 cm.
|
| 336 |
|
|
|a text
|b txt
|2 rdacontent
|
| 337 |
|
|
|a unmediated
|b n
|2 rdamedia
|
| 338 |
|
|
|a volume
|b nc
|2 rdacarrier
|
| 999 |
|
|
|a MARS
|
| 999 |
f |
f |
|s 73110712-4dd7-3d36-9327-a64bfa5b1e38
|i a3952fee-7488-35d3-89e8-ce3334a6d4cf
|t 0
|
| 952 |
f |
f |
|p ric
|a Texas A&M University
|b Rellis Campus
|c Joint Library Facility
|d Remote Storage
|t 0
|e PS3552.E79 N4
|h Library of Congress classification
|i unmediated -- volume
|m A14806191872
|
| 998 |
f |
f |
|a PS3552.E79 N4
|t 0
|l Remote Storage
|